Premier League Appearances by Nationality: South Korea - Statistics

General Stats
  • This quiz has been taken 10 times
  • The average score is 3 of 10
Answer Stats
Appearances Player % Correct
154 Park Ji-sung
100%
333 Son Heung-min
100%
126 Hwang Hee-chan
67%
24 Ji Dong-won
22%
70 Lee Young-pyo
22%
187 Ki Sung-yueng
11%
105 Lee Chung-yong
11%
23 Yun Suk-young
11%
28 Kim Bo-kyung
0%
48 Seol Ki-hyeon
0%
No matching quizzes found
Score Distribution
Percent of People with Each Score
Percentile by Number Answered
Your Score History
You have not taken this quiz